| 000 | 00787cam a22002653a 4500 | ||
|---|---|---|---|
| 001 | 2085 | ||
| 003 | PGUSA | ||
| 005 | 20140828083010.0 | ||
| 008 | 000201s2000||||xxu|||||s|||||000 1 eng d | ||
| 040 |
_aPGUSA _beng |
||
| 042 | _adc | ||
| 050 | 4 | _aPA | |
| 100 | 1 |
_aXenophon, _d-431--355 |
|
| 245 | 1 | 0 |
_aCyropaedia : _bThe Education of Cyrus _h[electronic resource] / _cXenophon |
| 260 |
_bProject Gutenberg, _c2000 |
||
| 506 | _aPublic domain in the USA. | ||
| 516 | _aElectronic text | ||
| 653 | _aCyrus, King of Persia, d. 529 B.C. -- Fiction | ||
| 653 | _aBiographical fiction | ||
| 653 | _aEducation of princes -- Fiction | ||
| 700 | 1 |
_aDakyns, Henry Graham, _d1838-1911 |
|
| 830 | 0 |
_aProject Gutenberg _v2085 |
|
| 856 | 4 | 0 | _uhttp://www.gutenberg.org/ebooks/2085 |
| 942 | _cEB | ||
| 999 |
_c231424 _d231424 |
||